<?xml version="1.0" encoding="UTF-8"?>
<record
    xmlns:xsi="http://www.w3.org/2001/XMLSchema-instance"
    xsi:schemaLocation="http://www.loc.gov/MARC21/slim http://www.loc.gov/standards/marcxml/schema/MARC21slim.xsd"
    xmlns="http://www.loc.gov/MARC21/slim">

  <leader>02106cam a2200421 i 4500</leader>
  <controlfield tag="001">60130</controlfield>
  <controlfield tag="003">CO-BoRNBP</controlfield>
  <controlfield tag="005">20251212135225.0</controlfield>
  <controlfield tag="007">ta</controlfield>
  <controlfield tag="008">190218s2018    ck     grd    000 0 spa d</controlfield>
  <datafield tag="020" ind1=" " ind2=" ">
    <subfield code="a">9789586113700</subfield>
    <subfield code="q">tapa dura</subfield>
  </datafield>
  <datafield tag="020" ind1=" " ind2=" ">
    <subfield code="a">9789586113694</subfield>
    <subfield code="q">r&#xFFFD;stica</subfield>
  </datafield>
  <datafield tag="040" ind1=" " ind2=" ">
    <subfield code="a">CO-BoUNC</subfield>
    <subfield code="b">spa</subfield>
    <subfield code="e">rda</subfield>
    <subfield code="c">CO-BoUNC</subfield>
  </datafield>
  <datafield tag="082" ind1="0" ind2="4">
    <subfield code="a">467.9861</subfield>
    <subfield code="b">I597di</subfield>
    <subfield code="2">23</subfield>
  </datafield>
  <datafield tag="110" ind1="1" ind2=" ">
    <subfield code="a">Instituto Caro y Cuervo</subfield>
    <subfield code="9">52855</subfield>
  </datafield>
  <datafield tag="245" ind1="1" ind2="0">
    <subfield code="a">Diccionario de colombianismos /</subfield>
    <subfield code="c">Instituto Caro y Cuervo ; coordinadora acad&#xFFFD;mica Mar&#xFFFD;a Clara Henr&#xFFFD;quez Guar&#xFFFD;n ; redactores, Pedro Augusto &#xFFFD;lvarez Berm&#xFFFD;dez [y otros seis].</subfield>
  </datafield>
  <datafield tag="250" ind1=" " ind2=" ">
    <subfield code="a">Primera edici&#xFFFD;n</subfield>
  </datafield>
  <datafield tag="264" ind1=" " ind2="1">
    <subfield code="a">Bogot&#xFFFD;</subfield>
    <subfield code="b">Instituto Caro y Cuervo</subfield>
    <subfield code="b">Ministerio de Cultura</subfield>
    <subfield code="c">2018</subfield>
  </datafield>
  <datafield tag="300" ind1=" " ind2=" ">
    <subfield code="a">540 p&#xFFFD;ginas ;</subfield>
    <subfield code="c">24 cm.</subfield>
  </datafield>
  <datafield tag="336" ind1=" " ind2=" ">
    <subfield code="2">rdacontent</subfield>
    <subfield code="a">texto</subfield>
    <subfield code="b">txt</subfield>
  </datafield>
  <datafield tag="337" ind1=" " ind2=" ">
    <subfield code="2">rdamedia</subfield>
    <subfield code="a">sin mediaci&#xF3;n</subfield>
    <subfield code="b">n</subfield>
  </datafield>
  <datafield tag="338" ind1=" " ind2=" ">
    <subfield code="2">rdacarrier</subfield>
    <subfield code="a">volumen</subfield>
    <subfield code="b">nc</subfield>
  </datafield>
  <datafield tag="504" ind1=" " ind2=" ">
    <subfield code="a">Incluye referencias bibliogr&#xFFFD;ficas (p&#xFFFD;ginas 529-540)</subfield>
  </datafield>
  <datafield tag="505" ind1="0" ind2=" ">
    <subfield code="a">Antecedentes y desarrollo del diccionario de colombianismos -- Caracter&#xFFFD;sticas generales del diccionario -- Gu&#xFFFD;a de uso -- Ejemplos de uso -- Mapa regiones ling&#xFFFD;&#xFFFD;sticas de Colombia -- Abreviaturas y s&#xFFFD;mbolos -- Diccionarios -- Ap&#xFFFD;ndices. Gentilicios ; Lenguas de Colombia ; Algunas siglas y acr&#xFFFD;nimos usados en Colombia</subfield>
  </datafield>
  <datafield tag="650" ind1="1" ind2="7">
    <subfield code="a">Colombianismos</subfield>
    <subfield code="v">Diccionarios</subfield>
    <subfield code="2">LEMB</subfield>
    <subfield code="9">67832</subfield>
  </datafield>
  <datafield tag="650" ind1="1" ind2="7">
    <subfield code="a">Gentilicios</subfield>
    <subfield code="z">Colombia</subfield>
    <subfield code="v">Diccionarios</subfield>
    <subfield code="2">LEMB</subfield>
    <subfield code="9">67833</subfield>
  </datafield>
  <datafield tag="650" ind1="1" ind2="7">
    <subfield code="a">Espa&#xFFFD;ol</subfield>
    <subfield code="x">Provincialismo</subfield>
    <subfield code="z">Colombia</subfield>
    <subfield code="v">Diccionarios</subfield>
    <subfield code="2">LEMB</subfield>
    <subfield code="9">67834</subfield>
  </datafield>
  <datafield tag="700" ind1="1" ind2=" ">
    <subfield code="a">Henr&#xFFFD;quez Mar&#xFFFD;n, Mar&#xFFFD;a Clara</subfield>
    <subfield code="e">coordinador acad&#xFFFD;mico</subfield>
    <subfield code="9">67835</subfield>
  </datafield>
  <datafield tag="700" ind1="1" ind2=" ">
    <subfield code="a">&#xFFFD;lvarez Berm&#xFFFD;dez, Pedro Augusto</subfield>
    <subfield code="e">redactor</subfield>
    <subfield code="9">67836</subfield>
  </datafield>
  <datafield tag="700" ind1="1" ind2=" ">
    <subfield code="a">Castiblanco Acosta, Laura Marcela</subfield>
    <subfield code="e">redactor</subfield>
    <subfield code="9">67837</subfield>
  </datafield>
  <datafield tag="700" ind1="1" ind2=" ">
    <subfield code="a">Luna Salamanca, Sandra Patricia</subfield>
    <subfield code="e">redactor</subfield>
    <subfield code="9">67838</subfield>
  </datafield>
  <datafield tag="700" ind1="1" ind2=" ">
    <subfield code="a">Mahecha Mahecha, Sandra Viviana</subfield>
    <subfield code="e">redactor</subfield>
    <subfield code="9">67839</subfield>
  </datafield>
  <datafield tag="700" ind1="1" ind2=" ">
    <subfield code="a">Orduz Navarrete, Yehicy</subfield>
    <subfield code="e">redactor</subfield>
    <subfield code="9">67840</subfield>
  </datafield>
  <datafield tag="700" ind1="1" ind2=" ">
    <subfield code="a">Roa Rubiano, Martha Isabel</subfield>
    <subfield code="e">redactor</subfield>
    <subfield code="9">67841</subfield>
  </datafield>
  <datafield tag="700" ind1="1" ind2=" ">
    <subfield code="a">Rozo Melo, Nancy</subfield>
    <subfield code="e">redactor</subfield>
    <subfield code="9">67842</subfield>
  </datafield>
  <datafield tag="710" ind1="1" ind2=" ">
    <subfield code="a">Colombia</subfield>
    <subfield code="b">Ministerio de Cultura</subfield>
    <subfield code="e">editor</subfield>
    <subfield code="9">1875</subfield>
  </datafield>
  <datafield tag="942" ind1=" " ind2=" ">
    <subfield code="2">ddc</subfield>
    <subfield code="c">BK</subfield>
  </datafield>
  <datafield tag="999" ind1=" " ind2=" ">
    <subfield code="c">60130</subfield>
    <subfield code="d">60130</subfield>
  </datafield>
  <datafield tag="952" ind1=" " ind2=" ">
    <subfield code="0">0</subfield>
    <subfield code="1">0</subfield>
    <subfield code="2">ddc</subfield>
    <subfield code="4">0</subfield>
    <subfield code="7">0</subfield>
    <subfield code="8">GEN</subfield>
    <subfield code="a">MELEJANI</subfield>
    <subfield code="b">MELEJANI</subfield>
    <subfield code="c">GEN</subfield>
    <subfield code="d">2025-12-12</subfield>
    <subfield code="l">0</subfield>
    <subfield code="o">467.9861 I597di</subfield>
    <subfield code="p">LEJ01705</subfield>
    <subfield code="r">2025-12-12 13:53:28</subfield>
    <subfield code="t">Ej.1</subfield>
    <subfield code="w">2025-12-12</subfield>
    <subfield code="y">BK</subfield>
  </datafield>
</record>
